00182nam a22000737a 4500082001300000245003300013260005300046300000900099 a540bANN aAnnual research report 2005/ aKandy:bInstitute of fundamental studies/c2005. a88p: